书目信息 |
| 题名: |
邓小平理论与社会主义的历史命运
|
|
| 作者: | 杨春贵 , 张峰 主编 | |
| 分册: | ||
| 出版信息: | 哈尔滨 黑龙江人民出版社 1998.12 |
|
| 页数: | 576页 | |
| 开本: | 20cm | |
| 丛书名: | ||
| 单 册: | ||
| 中图分类: | A849.1 | |
| 科图分类: | ||
| 主题词: | 邓小平著作--学习 , 邓小平著作研究 | |
| 电子资源: | ||
| ISBN: | 7-207-04300-7 | |
| 000 | 00671nam0 2200217 45 | |
| 001 | 0112201092 | |
| 005 | 20041203094500.1 | |
| 010 | @a7-207-04300-7@b平装@dCNY28.60 | |
| 100 | @a20011220d1998 km y0chiy0120 ea | |
| 101 | 0 | @achi |
| 105 | @a z 000yy | |
| 200 | 1 | @a邓小平理论与社会主义的历史命运@ADeng Xiao Ping Li Lun Yu She Hui Zhu Yi De Li Shi Ming Yun@f杨春贵,张峰主编@FYang Chun Gui,Zhang Feng Zhu Bian |
| 210 | @a哈尔滨@c黑龙江人民出版社@d1998.12 | |
| 215 | @a576页@d20cm | |
| 606 | 0 | @a邓小平著作@x学习 |
| 606 | 0 | @a邓小平著作研究 |
| 690 | @aA849.1@v4 | |
| 701 | @a杨春贵@4主编 | |
| 701 | 0 | @a张峰@4主编 |
| 801 | @aCN@bTSTC@c20011220 | |
| 905 | @dA849.1@e8 | |
| 邓小平理论与社会主义的历史命运/杨春贵,张峰主编.-哈尔滨:黑龙江人民出版社,1998.12 |
| 576页;20cm |
| ISBN 7-207-04300-7(平装):CNY28.60 |
| ● |
| 相关链接 |
|
|
|
|
正题名:邓小平理论与社会主义的历史命运
索取号:A849.1/8
 
预约/预借
| 序号 | 登录号 | 条形码 | 馆藏地/架位号 | 状态 | 备注 |
| 1 | 0301856 | 203018563 | 第一借阅区/ [索取号:A849.1/8] | 在馆 | |
| 2 | 0301857 | 203018572 | 第一借阅区/ [索取号:A849.1/8] | 在馆 | |
| 3 | 0301858 | 203018581 | 第一借阅区/ [索取号:A849.1/8] | 在馆 | |
| 4 | 0301859 | 203018590 | 第一借阅区/ [索取号:A849.1/8] | 在馆 | |
| 5 | 0301860 | 203018607 | 第一样本阅览室/ [索取号:A849.1/8] | 在馆 |